00625nam a2200169 i 4500001000300000245011000003260007300113300003400186650001600220655003000236020001500266040000800281041000800289080001900297008004100316856009800357bg00aĆwiczenia z immunologii /cred. Martyna Kandefer-Szerszeń ; aut. Martyna Kndafer-Szerszeń [et al.]. aLublin :bWydawnictwo Uniwersytetu Marii Curie-Skłodowskiej,c2006. a125. [1] s. :brys. ;c24 cm. 9aImmunologia aPodręczniki akademickie a8322725906 cBPK0 apol a612.017(075.8) s pl f |000 0 pol  uhttp://koha.tu.koszalin.pl/cgi-bin/koha/opac-detail.pl?biblionumber=52876yKatalog online BPK